000 00506nam a2200181Ia 4500
005 20250508154540.0
008 008 250505s9999 xx 000 0 eng d
037 _aTextual
040 _aFEDL
_beng
_cFEDL
041 _aeng
_2eng
084 _a309.36, MOH
_qFEDL
100 _aMohsin Mohammad
245 0 _aChittaranjan : A study in urban sociology
260 _aBombay, India
_bPopular Prakashan
_c1964
300 _a198p.
942 _cTEXL
_h309.36, MOH
999 _c1350860
_d1350860